Miasta powiatowe w Wielkopolsce - Statystyki

Ogólne statystyki
  • Ten quiz został rozwiązany 535 razy
  • Średni wynik to 18 z 31
Statystyki odpowiedzi
Odpowiedź % Poprawnych
Poznań
97%
Kalisz
87%
Konin
85%
Piła
85%
Gniezno
78%
Leszno
76%
Ostrów Wielkopolski
71%
Koło
65%
Września
61%
Jarocin
60%
Turek
58%
Śrem
57%
Środa Wielkopolska
57%
Krotoszyn
55%
Oborniki
55%
Rawicz
53%
Szamotuły
53%
Kościan
50%
Pleszew
50%
Nowy Tomyśl
49%
Wągrowiec
49%
Czarnków
48%
Gostyń
46%
Kępno
46%
Chodzież
45%
Grodzisk Wielkopolski
45%
Wolsztyn
45%
Złotów
45%
Słupca
43%
Międzychód
42%
Ostrzeszów
41%
Nie znaleziono quizów pasujących do podanych kryteriów
Rozkład punktacji
Procent ludzi z każdym wynikiem
Percentyl według liczby udzielonych odpowiedzi
Twoja historia wyników
Nie rozwiązałeś tego quizu